ბათუმის შოთა რუსთაველის სახელმწიფო უნივერსიტეტის ბიბლიოთეკა

Справочник по специальным работам, сварочные работы в строительстве. Часть 1. (ბიბ.ჩანაწერი № 50714)

000 -LEADER
fixed length control field 00785nam a2200205Ia 4500
001 - CONTROL NUMBER
control field 17665
003 - CONTROL NUMBER IDENTIFIER
control field GE_BSU
008 - FIXED-LENGTH DATA ELEMENTS--GENERAL INFORMATION
fixed length control field 181216s||||||||xx |||||||||||||| ||und||
040 ## - CATALOGING SOURCE
Transcribing agency GE_BSU
080 ## - UNIVERSAL DECIMAL CLASSIFICATION NUMBER
Universal Decimal Classification number 621.791(035)
245 ## - TITLE STATEMENT
Title Справочник по специальным работам, сварочные работы в строительстве. Часть 1.
245 ## - TITLE STATEMENT
Statement of responsibility, etc. Под ред. В.Д.Тарана.
250 ## - EDITION STATEMENT
Edition statement Изд второе, исправленное и дополненное.
260 ## - PUBLICATION, DISTRIBUTION, ETC.
Place of publication, distribution, etc. М.
260 ## - PUBLICATION, DISTRIBUTION, ETC.
Name of publisher, distributor, etc. Сройиздат.
260 ## - PUBLICATION, DISTRIBUTION, ETC.
Date of publication, distribution, etc. 1971.
300 ## - PHYSICAL DESCRIPTION
Extent 465 стр. с илл. 20 см.
653 ## - INDEX TERM--UNCONTROLLED
Uncontrolled term Справочник по специальным работам, сварочные работы в строительстве.
942 ## - ADDED ENTRY ELEMENTS (KOHA)
Koha item type წიგნი
ეგზემპლარები
Withdrawn status Lost status Damaged status Not for loan Date acquired Barcode Date last seen Price effective from Koha item type
        2018-12-17 9802 2018-12-17 2018-12-17 წიგნი